[Event "26th Schwarzacher Open"]
[Site "Schwarzach AUT"]
[Date "2011.08.27"]
[Round "8"]
[White "Niedermeier,T"]
[Black "Bochis,J"]
[Result "1/2-1/2"]
[WhiteElo "2153"]
[BlackElo "2124"]

1.e4 c5 2.Nf3 e6 3.d4 cxd4 4.Nxd4 Nc6 5.Nc3 Qc7 6.g3 a6 7.Bg2 d6 8.O-O Bd7
9.Nxc6 Bxc6 10.a4 Be7 11.Be3 Nf6 12.a5 O-O 13.Qe2 Nd7 14.Rfd1 Rac8 15.Rd2 Bf6
16.Qc4 Ne5 17.Qb4 Be7 18.Bb6 Qb8 19.f4 Nd7 20.Bf2 Rfe8 21.Qd4 Nc5 22.Qe3 Bf8
23.Qe2 d5 24.e5 b5 25.axb6 Qxb6 26.b3 Qb7 27.Bd4 Bb5 28.Qe3 Qc7 29.b4 Nd7
30.Nxb5 axb5 31.c3 Rb8 32.Bf1 Qc6 33.Rda2 Be7 34.Ra6 Qc8 35.R1a5 Bd8 36.Rxb5 Qxa6
37.Rxb8 Qc6 38.b5 Qc7 39.Ra8 f6 40.Ra7 Qc8 41.exf6 Nxf6 42.Qe5 Re7 43.Bh3 Kf7
44.Rxe7+ Bxe7 45.b6 Qd7 46.f5 exf5 47.Bxf5 Qa4 48.Be6+ Kf8 49.Qb8+ Ne8 50.Qf4+ Nf6
51.Bxf6 Qd1+ 52.Qf1 Qxf1+ 53.Kxf1 Bxf6 54.b7 Be5 55.Bxd5 Ke7 56.c4 Kd8 57.Ke2 Kc7
58.Kd3 Bb2 59.Ke4 Bf6 60.Kf5 Bd4 61.Ke4 Bf6 62.Kd3 h6 63.c5 Bg5 64.Kc4 Be3
65.h3 Bf2 66.g4 Be3 67.Kb5 Bd4 68.Kc4 Be3 69.c6 Bf4 70.Be4 Be5 71.Kd5 Bg3
72.Ke6 Bf4 73.Kf7 Be5 74.h4 Bd4 75.Ke8 Bf6 76.Kf7 Bxh4 77.Kxg7 Bg5  1/2-1/2

[Event "TCh-SUI 2011"]
[Site "Switzerland SUI"]
[Date "2011.08.27"]
[Round "6.4"]
[White "Gallagher,Jo"]
[Black "Fierz,M"]
[Result "1/2-1/2"]
[WhiteElo "2501"]
[BlackElo "2326"]

1.e4 c5 2.Nf3 e6 3.d4 cxd4 4.Nxd4 Nc6 5.Nc3 Qc7 6.f4 a6 7.Nxc6 Qxc6 8.Bd3 b5
9.Qe2 Bc5 10.Bd2 Bb7 11.O-O-O Ne7 12.Qh5 g6 13.Qg5 h6 14.Qf6 Rf8 15.Rhe1 O-O-O
16.Kb1 d5 17.a3 Qc7 18.Qh4 dxe4 19.Nxe4 Nf5 20.Qh3 Be7 21.g3 h5 22.Qf1 Nd6
23.Ng5 Nc4 24.Bb4 Bxb4 25.axb4 Bd5 26.Nh7 Rh8 27.Nf6 Nb6 28.Qf2 Rd6 29.Ne4 Bxe4
30.Bxe4 Rhd8 31.Rxd6 Rxd6 32.Qc5 Nd5 33.Qxc7+ Kxc7 34.c3 Nb6 35.Kc2 Nc4 36.Re2 Rd7
37.Bd3 Nb6 38.Re5 Rd5 39.Re1 Rd6 40.Re5 Rd5 41.Rxd5 Nxd5 42.Kd2 Nf6 43.Be2 Ng4
44.h3 Nf6 45.Bf3 Ne8 46.Kd3 Nd6 47.b3 Nf5 48.g4 hxg4 49.hxg4 Nh6 50.g5 Nf5
51.Be4 Ng3 52.c4 Nh5 53.Ke3 e5 54.fxe5 Ng7 55.Bd5 Ne6 56.Kf3 Kb6 57.c5+ Kc7
58.Kg4 Kc8 59.Bc6 Kd8 60.Bb7 Nc7 61.Kf3 Ne6 62.Bxa6 Kc7 63.Ke3 Kc6 64.Bc8 Kc7
65.Ba6 Kc6 66.Kd3 Nc7 67.Bc8 Ne6 68.Ke4 Kc7 69.Ba6 Kc6 70.Kf3 Nc7 71.Bc8 Ne6
72.Kg4 Kc7 73.Ba6 Kc6 74.Bc8 Kc7 75.Bxe6 fxe6 76.Kf4 Kc6 77.Ke4 Kc7 78.Kd4 Kc6
79.Ke4 Kc7 80.Kd4 Kc6  1/2-1/2

[Event "7th Dieppe Open A"]
[Site "Dieppe FRA"]
[Date "2011.08.28"]
[Round "1.4"]
[White "Dourerassou,J"]
[Black "Babo,M"]
[Result "1-0"]
[WhiteElo "2413"]
[BlackElo "1934"]

1.e4 c5 2.Nf3 e6 3.d4 cxd4 4.Nxd4 Nc6 5.Nc3 Qc7 6.Be3 a6 7.Bd3 Nf6 8.O-O Ne5
9.h3 Bc5 10.f4 Ng6 11.Kh1 b5 12.e5 b4 13.exf6 bxc3 14.fxg7 Rg8 15.f5 Nh4
16.Be4 Bb7 17.fxe6 Rxg7 18.exf7+ Rxf7 19.Qh5 Ng6 20.Bxb7 cxb2 21.Bxa8 bxa1=Q
22.Rxa1 Qa7 23.Bd5 Re7 24.Nb5 axb5 25.Bxc5  1-0

[Event "1st Alghero Open"]
[Site "Alghero ITA"]
[Date "2011.08.29"]
[Round "4.7"]
[White "Vocaturo,D"]
[Black "Muhren,B"]
[Result "1-0"]
[WhiteElo "2537"]
[BlackElo "2307"]

1.e4 c5 2.Nf3 e6 3.d4 cxd4 4.Nxd4 Nc6 5.Nc3 Qc7 6.Be3 a6 7.Qd2 Nf6 8.O-O-O Be7
9.f4 b5 10.Bd3 b4 11.Na4 Bb7 12.e5 Nd5 13.Be4 Na5 14.b3 Nc3 15.Bxb7 Nxb7
16.Nxc3 bxc3 17.Qe1 Qa5 18.Kb1 Rc8 19.Ne2 d5 20.f5 exf5 21.Nf4 Rd8 22.Bd4 Bb4
23.e6 f6 24.Qg3 Rg8 25.Qh3 Ke7 26.Qxh7 Qa3 27.Bxf6+ Kxf6 28.Qg6+ Ke7 29.Nxd5+ Rxd5
30.Qf7+ Kd6 31.Qd7+ Ke5 32.Rxd5+ Kf4 33.Rf1+ Kg4 34.Rd4+ Kg5 35.Rxf5+ Kxf5
36.Qd5+ Kg6 37.Rg4+ Kf6 38.Rf4+ Kg6 39.Qf5+ Kh6 40.Rh4+  1-0

[Event "Maria Albulet Mem"]
[Site "Braila ROU"]
[Date "2011.08.29"]
[Round "1"]
[White "Sandu,Mi"]
[Black "Petrenko,S"]
[Result "1-0"]
[WhiteElo "2221"]
[BlackElo "2209"]

1.e4 c5 2.Nf3 e6 3.d4 cxd4 4.Nxd4 Nc6 5.Nc3 a6 6.Nxc6 bxc6 7.Bd3 d5 8.O-O Nf6
9.Re1 d4 10.Ne2 e5 11.c3 c5 12.Bc4 Be6 13.Qd3 Qb6 14.Bd5 Rd8 15.c4 h6 16.b3 Bg4
17.f3 Be6 18.f4 Bxd5 19.cxd5 Qb5 20.Qf3 Qb4 21.Ba3 Qxa3 22.fxe5 Nd7 23.e6 Ne5
24.exf7+ Nxf7 25.Rf1 Rd7 26.Nf4 c4 27.Ng6 Rg8 28.e5 Ng5 29.Qf5 Qc5 30.bxc4 d3+
31.Kh1 Qxc4 32.Qxf8+  1-0

[Event "FIDE World Cup 2011"]
[Site "Khanty-Mansiysk RUS"]
[Date "2011.08.29"]
[Round "1.2"]
[White "Hou Yifan"]
[Black "Movsesian,S"]
[Result "0-1"]
[WhiteElo "2575"]
[BlackElo "2700"]

1.e4 c5 2.Nf3 e6 3.d4 cxd4 4.Nxd4 Nc6 5.Nc3 Qc7 6.Be2 a6 7.Be3 b5 8.f4 Bb7
9.Bf3 Na5 10.O-O Nc4 11.Bc1 Ne7 12.Kh1 Ng6 13.e5 Be7 14.Bxb7 Qxb7 15.Qe2 O-O
16.b3 Na5 17.f5 Nc6 18.fxg6 Nxd4 19.gxh7+ Kh8 20.Qd3 Nc6 21.Bf4 Rac8 22.Rad1 Rc7
23.Rf3 Rfc8 24.Qd2 Nd8 25.Rg3 Bf8 26.Bg5 Nc6 27.Bf6 Ne7 28.Bxe7 Bxe7 29.Rf1 Rf8
30.Qd4 f5 31.Ne2 g5 32.Nf4 gxf4 33.Qxf4 Qe4 34.Qxe4 fxe4 35.Rxf8+ Bxf8 36.Rg8+ Kxh7
37.Rxf8 Rxc2 38.Kg1 Rxa2 39.h4 e3 40.Kf1 a5 41.Rf7+ Kg6 42.Rxd7 Rf2+ 43.Ke1 Rxg2
44.Rd3 Rg3 45.Rd6 Kf5 46.Ra6 Kxe5 47.Rxa5 Ke4 48.Ra6 Kf3  0-1

[Event "10th Sunny Beach Open"]
[Site "Sunny Beach BUL"]
[Date "2011.08.29"]
[Round "3.1"]
[White "Spasov,V"]
[Black "Mishuchkov,N"]
[Result "1/2-1/2"]
[WhiteElo "2591"]
[BlackElo "2415"]

1.e4 c5 2.Nf3 e6 3.d4 cxd4 4.Nxd4 Nc6 5.Nc3 Qc7 6.f4 Nxd4 7.Qxd4 b6 8.Be3 Bb7
9.O-O-O Nf6 10.e5 Bc5 11.Nb5 Qb8 12.Nd6+ Qxd6 13.Qxd6 Bxd6 14.Rxd6 Nd5 15.Bd2 Ne7
16.Rd3 f6 17.Rg3 Nf5 18.Rc3 fxe5 19.fxe5 O-O 20.Rg1 Bc6 21.Rc4 a5 22.Rf4 Ne7
23.c4 Rxf4 24.Bxf4 Ng6 25.Bg3 Rb8 26.b3 b5 27.Kd2 a4 28.Kc3 axb3 29.axb3 bxc4
30.Bxc4 Ne7 31.Rd1 Rb7 32.Rd2 Bd5 33.Bh4  1/2-1/2

[Event "Richard Reti Mem"]
[Site "Trnava SVK"]
[Date "2011.08.29"]
[Round "1.9"]
[White "Skapikova,L"]
[Black "Lanc,A"]
[Result "0-1"]
[WhiteElo "1867"]
[BlackElo "2367"]

1.e4 c5 2.Nf3 e6 3.d4 cxd4 4.Nxd4 Nc6 5.Nc3 Qc7 6.Be3 a6 7.Qd2 Nf6 8.f3 b5
9.g4 h6 10.Nxc6 dxc6 11.O-O-O e5 12.Qf2 Nd7 13.g5 hxg5 14.Bxg5 Qa7 15.Qg3 f6
16.Bd2 Nc5 17.a4 Qf7 18.b4 Ne6 19.Nb1 Bd7 20.f4 exf4 21.Bxf4 Bxb4 22.e5 Be7
23.Bd3 f5 24.h4 c5 25.Bg5 Bc6 26.Rhf1 Bxg5+ 27.hxg5 g6 28.Bxf5 gxf5 29.g6 Qg7
30.Rd6 Nd4 31.Re1 O-O 32.c3 Nf3 33.Rxc6 Nxe1 34.Qxe1 bxa4 35.Qe3 Rae8 36.Qxc5 Qxe5
37.Qc4+ Kg7 38.Qxa6  0-1

[Event "TCh-SRB Premier Women"]
[Site "Valjevo SRB"]
[Date "2011.08.29"]
[Round "3.5"]
[White "Eric,J"]
[Black "Jovanovic,Vi"]
[Result "1/2-1/2"]
[WhiteElo "2282"]
[BlackElo "2136"]

1.e4 c5 2.Nf3 e6 3.d4 cxd4 4.Nxd4 Nc6 5.Nc3 d6 6.Be2 Nf6 7.Be3 Be7 8.Qd2 O-O
9.f4 e5 10.Nb3 a5 11.a4 Nb4 12.O-O exf4 13.Rxf4 d5 14.exd5 Bd6 15.Rff1 Nfxd5
16.Nxd5 Nxd5 17.Bg5 Qb6+ 18.Kh1 Nb4 19.Rad1 Be5 20.Be7 Re8 21.Bb5 Nc6 22.Bc5 Qc7
23.Qf2 Bg4 24.Bb6 Qe7 25.Rde1 Qf6 26.Qe3 Qh4 27.g3 Qh5 28.Nd4 Bd7 29.Nxc6 bxc6
30.Be2 Qh3 31.Bc4 Be6 32.Bxe6 Rxe6 33.Qd2 Bxg3 34.Rd1 Be5 35.Bxa5 Rae8 36.Bb6 h6
37.a5 Bg3 38.Qg2 Qxg2+ 39.Kxg2 Bb8 40.Rf3 R6e7 41.a6 Ba7 42.Bxa7 Rxa7 43.Ra1 Rea8
44.Rfa3 Kf8 45.b4  1/2-1/2

[Event "TCh-SRB Premier Women"]
[Site "Valjevo SRB"]
[Date "2011.08.29"]
[Round "3.5"]
[White "Videnova,I"]
[Black "Manakova,M"]
[Result "1-0"]
[WhiteElo "2353"]
[BlackElo "2314"]

1.e4 c5 2.Nf3 Nc6 3.d4 cxd4 4.Nxd4 e6 5.Nc3 Qc7 6.Be2 a6 7.O-O Nf6 8.Be3 d6
9.a4 Be7 10.f4 O-O 11.Kh1 Rd8 12.Bf3 Na5 13.Qe2 Nc4 14.e5 dxe5 15.Ndb5 axb5
16.Nxb5 Qd7 17.Qxc4 Nd5 18.Bf2 exf4 19.Rfd1 Bf6 20.Qe4 Qe7 21.c4 Bh4 22.Bxh4 Qxh4
23.Kg1 Ne3 24.Qxf4 Rxd1+ 25.Rxd1 Qe7 26.Qxe3 h6 27.Qd3  1-0

[Event "10th Sunny Beach Open"]
[Site "Sunny Beach BUL"]
[Date "2011.08.30"]
[Round "4.13"]
[White "Draskovic,L"]
[Black "Manea,Al"]
[Result "0-1"]
[WhiteElo "2135"]
[BlackElo "2413"]

1.e4 c5 2.Nf3 e6 3.d4 cxd4 4.Nxd4 Nc6 5.Nc3 Qc7 6.Be3 Nf6 7.Qd2 Nxd4 8.Bxd4 e5
9.Be3 Bb4 10.f3 d6 11.Bb5+ Bd7 12.O-O Bxc3 13.Bxd7+ Nxd7 14.bxc3 Nb6 15.Bf2 O-O
16.Rab1 Nc4 17.Qd5 b6 18.Rfd1 Rac8 19.Rd3 Rfe8 20.Rf1 Re6 21.Qb5 Qc6 22.Qa6 Rc7
23.Rb1 h6 24.Rb4 Rg6 25.Rd5 Kh8 26.Rb1 f5 27.Kh1 fxe4 28.fxe4 Rg4 29.Rg1 Rxe4
30.Rd3 Re2 31.Rf3 Rxc2 32.Be3 Rxc3  0-1

[Event "TCh-SRB Premier Men"]
[Site "Valjevo SRB"]
[Date "2011.08.30"]
[Round "4.1"]
[White "Bojovic,D"]
[Black "Tosic,M"]
[Result "0-1"]
[WhiteElo "2320"]
[BlackElo "2402"]

1.e4 c5 2.Nf3 e6 3.d4 cxd4 4.Nxd4 Nc6 5.Nc3 d6 6.Be2 Nf6 7.O-O Be7 8.Be3 O-O
9.Kh1 Bd7 10.f4 Nxd4 11.Qxd4 Bc6 12.Bf3 Qc7 13.Rad1 Rfd8 14.f5 b5 15.fxe6 fxe6
16.a4 a6 17.axb5 axb5 18.Qd3 Qb7 19.Bg5 Kh8 20.Ne2 Nd7 21.Qe3 Ne5 22.Nd4 Bxg5
23.Qxg5 h6 24.Qg3 Qe7 25.Bg4 Bd7 26.Bh3 Rf8 27.Kg1 Rac8 28.b3 b4 29.Rxf8+ Rxf8
30.Rf1 Rxf1+ 31.Kxf1 g5 32.Bg4 Qf6+ 33.Nf3 Bc6 34.Kg1 Bxe4 35.Nxe5 Qxe5 36.Qxe5+ dxe5
37.Bd1 Kg7 38.Kf2 Kf6 39.g4 Ke7 40.Ke3 Bg6 41.Kd2 Kd6 42.Bf3 e4 43.Bd1 e3+
44.Kxe3 Ke5 45.c3 bxc3 46.Bf3 c2 47.Kd2 Bd3 48.b4 Kd6  0-1

[Event "VII Ugra Governor's Cup"]
[Site "Khanty-Mansiysk RUS"]
[Date "2011.08.31"]
[Round "1"]
[White "Soloviov,V"]
[Black "Maletin,P"]
[Result "0-1"]
[WhiteElo "1850"]
[BlackElo "2575"]

1.Nf3 c5 2.d4 cxd4 3.Nxd4 Nc6 4.e4 e6 5.Nc3 Qc7 6.Be2 a6 7.O-O Nf6 8.Bg5 Be7
9.Bh4 Nxe4 10.Nxe4 Bxh4 11.Nxc6 bxc6 12.Nd6+ Ke7 13.Nc4 Bf6 14.c3 Rd8 15.Qd3 g6
16.Ne3 Rb8 17.Qd2 d5 18.Ng4 Bg7 19.f4 Qb6+ 20.Kh1 Qxb2 21.Qe3 Qxc3 22.Qa7+ Rb7
23.Qf2 h5 24.Ne5 Kf8 25.Rac1 Qa3 26.Nxc6 Re8 27.Ne5 Kg8 28.g4 hxg4 29.Bxg4 Rb2
30.Qh4 Bb7 31.Bf3 d4 32.Bxb7 Rxb7 33.Rcd1 Qd6 34.Ng4 Rb2 35.Nf2 Rc8 36.Kg1 Rcc2
37.Qg4 Qd5 38.h4 Bf8  0-1

[Event "10th Sunny Beach Open"]
[Site "Sunny Beach BUL"]
[Date "2011.08.31"]
[Round "5.32"]
[White "Chalus,K"]
[Black "Mitkov,M"]
[Result "0-1"]
[WhiteElo "2118"]
[BlackElo "2363"]

1.e4 c5 2.Nf3 e6 3.d4 cxd4 4.Nxd4 Nc6 5.Nc3 Qc7 6.Be3 a6 7.Qd2 Nf6 8.O-O-O Bb4
9.f3 Ne5 10.Nb3 b5 11.Qe1 Nc4 12.Bd4 O-O 13.Kb1 e5 14.Bg1 Na3+ 15.Kc1 Bb7
16.Rd3 Rfc8 17.Qd1 a5 18.bxa3 Bxc3 19.Nc5 b4 20.Nxb7 Qxb7 21.a4 Qc6 22.Rd6 Qxa4
23.Kb1 b3 24.cxb3 Qa3 25.Rd2 a4 26.Bc4 Rxc4 27.bxc4 Rb8+ 28.Kc2 Rb2+  0-1

[Event "Richard Reti Mem"]
[Site "Trnava SVK"]
[Date "2011.08.31"]
[Round "4.3"]
[White "Lanc,A"]
[Black "Pacher,M"]
[Result "0-1"]
[WhiteElo "2367"]
[BlackElo "2408"]

1.e4 c5 2.Nf3 e6 3.d4 cxd4 4.Nxd4 Nc6 5.Nc3 d6 6.Be3 Nf6 7.f4 Be7 8.Qf3 O-O
9.O-O-O a6 10.Nxc6 bxc6 11.g4 Qa5 12.g5 Nd7 13.Bd2 Qb6 14.h4 d5 15.Bd3 Nc5
16.Rdg1 Nxd3+ 17.Qxd3 Rb8 18.b3 Rd8 19.exd5 exd5 20.f5 d4 21.Ne2 a5 22.g6 Ba6
23.gxf7+ Kxf7 24.Qf3 Bf6 25.Nf4 d3 26.Ne6 dxc2 27.Nxd8+ Rxd8 28.Qh5+ Kf8
29.Qg4 Rxd2 30.Kxd2 Qf2+ 31.Kc1 Qe3+ 32.Kxc2 Bd3+ 33.Kd1 Bb2  0-1

[Event "10th Sunny Beach Open"]
[Site "Sunny Beach BUL"]
[Date "2011.09.01"]
[Round "6.9"]
[White "Popovic,AM"]
[Black "Manea,Al"]
[Result "0-1"]
[WhiteElo "2321"]
[BlackElo "2413"]

1.e4 c5 2.Nf3 e6 3.d4 cxd4 4.Nxd4 Nc6 5.Nc3 Qc7 6.Be2 Nf6 7.O-O Be7 8.b3 Qe5
9.Nxc6 bxc6 10.Qd3 Ba6 11.Qxa6 Qxc3 12.Be3 Nxe4 13.Qb7 Rd8 14.Rad1 Bc5 15.Bxc5 Qxc5
16.Bf3 Ng5 17.Be2 Qb6 18.Qa6 Qxa6 19.Bxa6 Ne4 20.b4 d5 21.c4 Rb8 22.a3 Rb6
23.cxd5 Rxa6  0-1

[Event "TCh-SRB Premier Men"]
[Site "Valjevo SRB"]
[Date "2011.09.01"]
[Round "6.4"]
[White "Vuckovic,Bo"]
[Black "Markus,Rob"]
[Result "1/2-1/2"]
[WhiteElo "2623"]
[BlackElo "2652"]

1.e4 c5 2.Nf3 e6 3.d4 cxd4 4.Nxd4 Nc6 5.Nc3 Qc7 6.Be3 Nf6 7.f4 Bb4 8.Nb5 Qa5
9.e5 Nd5 10.Bd2 Nxc3 11.bxc3 Bc5 12.c4 Qd8 13.Bd3 O-O 14.Qh5 g6 15.Qh6 f5
16.h4 Qe7 17.Bc3 Nd8 18.Qg5 Qxg5 19.hxg5 Nf7 20.Be2 a6 21.Nd4 d6 22.Nf3 Bd7
23.exd6 Bxd6 24.g3 Bc6 25.O-O-O Rfc8 26.Rhf1 Be4 27.Nd2 Bc6 28.Nf3 Be4 29.Nd2 Bc6  1/2-1/2

[Event "10th Izmir Open"]
[Site "Izmir TUR"]
[Date "2011.09.02"]
[Round "3"]
[White "Rzayev,A"]
[Black "Sahin,Oz"]
[Result "1-0"]
[WhiteElo "2087"]
[BlackElo "1790"]

1.e4 c5 2.Nc3 e6 3.Nf3 Nc6 4.d4 cxd4 5.Nxd4 a6 6.g3 Qc7 7.Nde2 Bc5 8.Bg2 Nf6
9.O-O b5 10.Bf4 Qb6 11.Bd6 Ng4 12.Bxc5 Qxc5 13.h3 Nf6 14.Nf4 Ne5 15.Nd3 Nxd3
16.cxd3 Bb7 17.d4 Qb4 18.e5 Bxg2 19.Kxg2 Nd5 20.Ne4 O-O 21.Rb1 f5 22.exf6 Nxf6
23.Nc5 Qc4 24.a3 d6 25.Nb3 Qd5+ 26.f3 Nh5 27.Nc1 Rf6 28.Ne2 Raf8 29.Qd3 Rg6
30.Qe3 Qc4 31.g4 e5 32.dxe5 dxe5 33.Rbe1 Nf4+ 34.Nxf4 exf4 35.Qe5 Rd8 36.Rf2 Rgd6
37.Re4 Rd4 38.Qxf4 Rxe4 39.Qxe4 Qxe4 40.fxe4 Rd4 41.Re2 Kf7 42.Kf3 Rd3+ 43.Re3 Rd2
44.b4 Ke6 45.Kf4 Rc2 46.h4 Rh2 47.h5 Rd2 48.Rc3 Rf2+ 49.Kg3 Re2 50.Kf3 Rb2
51.Kf4 Rf2+ 52.Kg5 Rg2 53.Rc6+ Ke5 54.h6 gxh6+ 55.Rxh6 Kxe4 56.Rxa6 Kd4 57.Rc6 Rg3
58.Rc5 Rxa3 59.Rxb5 Rb3 60.Kh6 Kc4 61.Rh5 Rxb4 62.Kxh7 Rb7+ 63.Kg6 Kd4 64.Rf5 Ke4
65.g5 Rb6+ 66.Rf6 Rb5 67.Rf1 Rb6+ 68.Kh7 Ke5 69.g6 Rb2 70.g7 Rh2+ 71.Kg6  1-0

[Event "10th Sunny Beach Open"]
[Site "Sunny Beach BUL"]
[Date "2011.09.02"]
[Round "7.15"]
[White "Bonev,T"]
[Black "Colovic,A"]
[Result "0-1"]
[WhiteElo "2300"]
[BlackElo "2450"]

1.e4 c5 2.Nf3 e6 3.d4 cxd4 4.Nxd4 Nc6 5.Nc3 Qc7 6.Be2 a6 7.O-O Nf6 8.Be3 Bb4
9.Nxc6 bxc6 10.Qd4 c5 11.Qc4 d6 12.a3 Bxc3 13.Qxc3 O-O 14.f3 Bb7 15.b4 Rfc8
16.bxc5 Nd7 17.Rab1 a5 18.Rfd1 Ba6 19.Bb5 Nxc5 20.e5 Bxb5 21.Rxb5 Qc6 22.Qc4 d5
23.Qxc5 Qe8 24.Rxa5 Rxc5 25.Rxa8 Qxa8 26.Bxc5 Qc6  0-1

[Event "InventiChess GM"]
[Site "Antwerp BEL"]
[Date "2011.09.03"]
[Round "1"]
[White "Edouard,R"]
[Black "Arakhamia-Grant,K"]
[Result "1-0"]
[WhiteElo "2608"]
[BlackElo "2456"]

1.e4 c5 2.Nf3 e6 3.Nc3 Nc6 4.d4 cxd4 5.Nxd4 d6 6.Be3 Nf6 7.f4 Bd7 8.Qf3 Nxd4
9.Bxd4 Bc6 10.O-O-O Qa5 11.g4 O-O-O 12.g5 Nd7 13.Bc4 Kb8 14.a3 Rc8 15.Kb1 e5
16.Be3 f5 17.Bd5 g6 18.exf5 gxf5 19.fxe5 Nxe5 20.Qxf5 Bg7 21.Bxc6 Rxc6 22.Rd5 Qa6
23.Nb5 Nc4 24.Bxa7+ Ka8 25.Bd4 Bxd4 26.Nxd4 Qb6 27.Nb3 Ne3 28.Ra5+ Kb8 29.Qb5 Nxc2
30.Qa4 Rhc8 31.Rf1 Qe3 32.Ra8+ Kc7 33.Rxc8+ Kxc8 34.Qa8+ Kd7 35.Rf7+  1-0

[Event "10th Izmir Open"]
[Site "Izmir TUR"]
[Date "2011.09.03"]
[Round "4"]
[White "Uysal,Burak"]
[Black "Ersahin,B"]
[Result "0-1"]
[WhiteElo "1822"]
[BlackElo "2160"]

1.e4 c5 2.Nf3 Nc6 3.Nc3 e6 4.d4 cxd4 5.Nxd4 Nf6 6.Nxc6 bxc6 7.e5 Nd5 8.Ne4 Qc7
9.f4 Qb6 10.c4 Ne3 11.Qd3 Bb4+ 12.Bd2 Ba6 13.b3 O-O 14.Ke2 Nd5 15.Ng5 f5
16.Kf3 h6 17.Nh3 Rad8 18.Rd1 d6 19.Qc2 Bxd2 20.Qxd2 dxe5 21.cxd5 e4+ 22.Kg3 Rxd5
23.Qc1 Rf6 24.Bc4 Rg6+ 25.Ng5 Bxc4 26.bxc4 Ra5 27.h4 hxg5 28.hxg5 Rxa2 29.Qc3 Qf2+  0-1

[Event "10th Sunny Beach Open"]
[Site "Sunny Beach BUL"]
[Date "2011.09.03"]
[Round "8.12"]
[White "Draskovic,L"]
[Black "Mishuchkov,N"]
[Result "0-1"]
[WhiteElo "2135"]
[BlackElo "2415"]

1.e4 c5 2.Nf3 e6 3.d4 cxd4 4.Nxd4 Nc6 5.Nc3 Qc7 6.Be3 Nf6 7.Qd2 Nxd4 8.Bxd4 e5
9.Be3 Bb4 10.Bd3 d6 11.O-O Bxc3 12.bxc3 O-O 13.Bg5 Nd7 14.Rfd1 Nc5 15.f3 Be6
16.Bf1 f6 17.Be3 Rfd8 18.c4 b6 19.Qb4 Rac8 20.Qa3 Qb8 21.Rd2 Nb7 22.Qb4 Qc7
23.Qa3 Na5 24.Rad1 Bxc4 25.Rxd6 Rxd6 26.Qxd6 Qxd6 27.Rxd6 Bxf1 28.Kxf1 Nc4
29.Rd3 Nxe3+ 30.Rxe3 Rxc2 31.Ra3 Rc7 32.Ke2 Kf7 33.Kd2 Ke6 34.Rb3 Rc6 35.Ra3 a5
36.Rb3 Kd6 37.Rd3+ Kc7 38.Rb3 Rc5 39.h4 h5 40.a3 b5 41.g3 Kc6 42.Rd3 Rc4
43.Ke3 a4 44.f4 Rc2 45.fxe5 fxe5 46.Rd5 Rc3+ 47.Kd2 Rxa3 48.Rxe5 Rxg3 49.Kc2 g6  0-1

[Event "Okie Fest Open"]
[Site "Tulsa USA"]
[Date "2011.09.03"]
[Round "1.7"]
[White "Trammell,G"]
[Black "Temple,J"]
[Result "1/2-1/2"]
[WhiteElo "2023"]
[BlackElo "1880"]

1.e4 c5 2.Nf3 e6 3.d4 cxd4 4.Nxd4 Nc6 5.Nc3 Qc7 6.Be3 a6 7.Bd3 Nf6 8.O-O Bb4
9.f4 d6 10.Qf3 O-O 11.Nce2 Nxd4 12.Nxd4 Bd7 13.c3 Bc5 14.b4 Ba7 15.Rac1 Bc6
16.Kh1 Rfe8 17.Bf2 d5 18.e5 Ne4 19.f5 exf5 20.Bh4 Qxe5 21.Nxf5 Bb8 22.Ng3 Qe6
23.Rce1 Bxg3 24.hxg3 Qg6 25.c4 b5 26.cxd5 Bxd5 27.Re2 Re6 28.g4 Nf6 29.Bxg6 Bxf3
30.Rxe6 fxe6 31.Rxf3 hxg6 32.Bxf6 gxf6 33.Rxf6 a5 34.Rxe6 Kf7 35.Rb6 axb4
36.Rxb5 Rxa2 37.Rxb4 g5 38.Rb5 Kg6 39.Rb4 Ra5 40.Rd4 Ra3 41.Kh2 Ra5 42.Rd6+ Kg7
43.Re6 Kf7 44.Re3 Kg6 45.Re8 Kh6 46.Rg8 Ra4 47.Kh3 Rf4 48.Kg3 Ra4  1/2-1/2

[Event "Yuzhny Open"]
[Site "Yuzhny UKR"]
[Date "2011.09.03"]
[Round "1.27"]
[White "Rakhmangulova,A"]
[Black "Ivasenko,A"]
[Result "1-0"]
[WhiteElo "2207"]
[BlackElo "1820"]

1.e4 c5 2.Nf3 Nc6 3.d4 cxd4 4.Nxd4 e6 5.Nc3 Nf6 6.Ndb5 Bb4 7.Nd6+ Ke7 8.Bf4 Qa5
9.Qd2 e5 10.Nc4 Qc7 11.Bg5 Kf8 12.Bxf6 gxf6 13.Qh6+ Ke7 14.Ne3  1-0

[Event "18th Graz Open"]
[Site "Graz AUT"]
[Date "2011.09.04"]
[Round "9"]
[White "Poetz,F"]
[Black "Farago,I"]
[Result "1/2-1/2"]
[WhiteElo "2416"]
[BlackElo "2485"]

1.e4 c5 2.Nf3 e6 3.d4 cxd4 4.Nxd4 Nc6 5.Nc3 a6 6.Be2 Nge7 7.f4 Nxd4 8.Qxd4 b5
9.O-O Nc6 10.Qf2 Be7 11.Be3 Bb7 12.a4 b4 13.Nb1 O-O 14.Nd2 d5 15.exd5 exd5
16.Bb6 Qc8 17.Rad1 Bf6 18.b3 Nb8 19.Bd3 Nd7 20.Bd4 Bxd4 21.Qxd4 Qc5  1/2-1/2

[Event "13th Trieste Open"]
[Site "Trieste ITA"]
[Date "2011.09.04"]
[Round "2"]
[White "Mertens,H"]
[Black "Kragelj,I"]
[Result "1-0"]
[WhiteElo "2354"]
[BlackElo "2219"]

1.e4 c5 2.Nf3 e6 3.d4 cxd4 4.Nxd4 Nc6 5.Nc3 Qc7 6.Nb3 a6 7.g3 b5 8.Bg2 d6
9.O-O Nf6 10.f4 Bb7 11.Be3 Be7 12.a3 O-O 13.g4 h6 14.h4 h5 15.gxh5 Rad8 16.Qe2 b4
17.axb4 Nxb4 18.Kh1 Kh7 19.Rg1 Rg8 20.Bf2 e5 21.fxe5 dxe5 22.Bf3 Rd7 23.Bg3 Re8
24.Na5 Ba8 25.Nc4 Bc5 26.Rgd1 Bb7 27.Rxd7 Qxd7 28.Kh2 Nc6 29.Na4 Ba7 30.c3 Qc7
31.Rd1 Re6 32.b3 Ne7 33.Nab2 Bc6 34.Nd3 Nd7 35.Nb4 Bb5 36.Nd5 Qc5 37.Bg4 Rh6
38.Bxd7 Bxd7 39.b4 Qb5 40.Nxe7  1-0

[Event "Richard Reti Mem"]
[Site "Trnava SVK"]
[Date "2011.09.04"]
[Round "9.7"]
[White "Vyskocil,N"]
[Black "Plischki,S"]
[Result "1/2-1/2"]
[WhiteElo "2297"]
[BlackElo "2333"]

1.e4 c5 2.Nf3 e6 3.d4 cxd4 4.Nxd4 Nc6 5.Nc3 Qc7 6.Be2 a6 7.O-O Nf6 8.Kh1 Be7
9.f4 d6 10.Be3 O-O 11.a4 Bd7 12.Qe1 Rac8 13.Rd1 Nxd4 14.Bxd4 e5 15.Be3 Bc6
16.Bd3 b5 17.axb5 axb5 18.fxe5  1/2-1/2

[Event "Richard Reti Mem"]
[Site "Trnava SVK"]
[Date "2011.09.04"]
[Round "9.2"]
[White "Lanc,A"]
[Black "Krejci,Jan2"]
[Result "1/2-1/2"]
[WhiteElo "2367"]
[BlackElo "2503"]

1.e4 c5 2.Nf3 e6 3.d4 cxd4 4.Nxd4 Nc6 5.Nc3 Qc7 6.Be2 a6 7.O-O b5 8.Nxc6 dxc6
9.f4 Bb7 10.e5 Rd8 11.Qe1 Nh6 12.Ne4 Nf5 13.Ng3 Nd4 14.Bd1 c5 15.c3 Nf5 16.Nxf5 exf5
17.Bc2 Qc6 18.Qg3 g6 19.Be3 Be7 20.Rf2 h5 21.b3 h4 22.Qh3 O-O 23.Re2 a5 24.Bf2 c4
25.Bxh4 Bxh4 26.Qxh4 cxb3 27.Bxb3 Qxc3 28.Rae1 Qd4+ 29.Kh1 a4 30.e6 axb3
31.e7 bxa2 32.Rxa2 Rfe8 33.exd8=Q Rxd8 34.Qf2 Be4 35.Qxd4 Rxd4 36.Kg1 b4
37.Rb2 Kf8 38.Ra1 Bd5 39.Ra4 Rd1+ 40.Kf2 b3 41.Rb4 Ke7 42.R4xb3 Bxb3  1/2-1/2

[Event "Okie Fest Open"]
[Site "Tulsa USA"]
[Date "2011.09.04"]
[Round "5.5"]
[White "Whitcomb,B"]
[Black "Temple,J"]
[Result "1-0"]
[WhiteElo "1965"]
[BlackElo "1880"]

1.e4 c5 2.Nf3 e6 3.d4 cxd4 4.Nxd4 Nc6 5.Nc3 Qc7 6.Be3 a6 7.Qd2 Nf6 8.O-O-O Bb4
9.f3 O-O 10.g4 Nxd4 11.Qxd4 Bxc3 12.bxc3 e5 13.Qb4 b5 14.Bc5 a5 15.Qa3 Re8
16.Bxb5 Ba6 17.Bxa6 Rxa6 18.Rd6 Rc6 19.Rxc6 Qxc6 20.Rd1 Rc8 21.Be7 Qxc3 22.Qxc3 Rxc3
23.Rd3 Rxd3 24.cxd3 Ne8 25.a4 f6 26.Bd8 Kf7 27.Bxa5 Ke6 28.Kb2 d5 29.Kb3 dxe4
30.dxe4 Kd6 31.Bb4+ Kc6 32.Kc4 Nc7 33.h4 Ne6 34.a5 Nd4 35.f4 Nf3 36.f5 Nxh4
37.Bf8 g6 38.Be7 gxf5 39.gxf5 Nf3 40.Bxf6 h5 41.a6 Kb6 42.Kd5 Kxa6 43.Bxe5 h4
44.Bd6 Kb7 45.f6 Ng5 46.e5 Nf7 47.Bc5 h3 48.Bg1 Ng5 49.e6 Nf3 50.e7 Nxg1
51.e8=Q h2 52.Qc6+ Ka7 53.Kd6 Nf3 54.Kc7 h1=Q 55.Qb7+  1-0

[Event "Yuzhny Open"]
[Site "Yuzhny UKR"]
[Date "2011.09.04"]
[Round "3.35"]
[White "Svoboda,Indrzhikh"]
[Black "Zingaylo,Ana"]
[Result "0-1"]
[WhiteElo "1800"]
[BlackElo "2071"]

1.e4 c5 2.Nc3 e6 3.Nf3 Nc6 4.d4 cxd4 5.Nxd4 Nf6 6.Nxc6 bxc6 7.Bd3 d5 8.O-O Be7
9.e5 Nd7 10.f4 c5 11.b3 Qb6 12.Kh1 Bb7 13.Qe2 a6 14.f5 d4 15.fxe6 Qxe6 16.Bc4 Qxe5
17.Bxf7+ Kd8 18.Qxe5 Nxe5 19.Bd5 Ra7 20.Bxb7 Rxb7 21.Nd5 Rf8 22.Bd2 Rxf1+
23.Rxf1 Kd7 24.Re1 Bd6 25.Nf4 Kc6 26.c3 d3 27.c4 Rf7 28.g3 g5 29.Ne6 Rf2
30.Be3 Re2 31.Rxe2 dxe2 32.Bd2 Nf3 33.Bc3 g4 34.Kg2 e1=Q 35.Bxe1 Nxe1+ 36.Kf2 Nd3+
37.Ke3 Nc1 38.Ng5 h5 39.Ne4 Be5 40.Ng5 Nxa2 41.Ke4 Bf6 42.Kf5 Bxg5 43.Kxg5 Nc1
44.Kxh5 Nxb3 45.Kxg4 a5  0-1

[Event "Yuzhny Open"]
[Site "Yuzhny UKR"]
[Date "2011.09.04"]
[Round "3.3"]
[White "Kalinina,O"]
[Black "Firman,N"]
[Result "0-1"]
[WhiteElo "2288"]
[BlackElo "2517"]

1.e4 c5 2.Nf3 e6 3.d4 cxd4 4.Nxd4 Nc6 5.Nc3 d6 6.Be2 Nf6 7.Be3 Be7 8.O-O O-O
9.f4 Bd7 10.Kh1 Nxd4 11.Bxd4 Bc6 12.Bd3 Nd7 13.e5 dxe5 14.fxe5 Bc5 15.Be4 Bxd4
16.Qxd4 Qb6 17.Qxb6 axb6 18.Rfe1 Ra5 19.Rad1 Rxe5 20.Rxd7 Rxe4 21.Rxe4 Bxd7
22.Rd4 Bc6 23.b4 Rc8 24.Kg1 b5 25.Kf2 f5 26.g3 Kf7 27.Ke3 g5 28.Kd2 Ke7 29.a4 e5
30.Rd3 bxa4 31.b5 Be4 32.Re3 Rc4 33.g4 Kf6 34.Rh3 Kg6 35.gxf5+ Bxf5 36.Re3 Rh4
37.Re2 a3 38.Kc1 Rc4 39.Nd5 Bxc2 40.Ne3 Bd3+ 41.Nxc4 Bxe2 42.Nxa3 Bd3 43.Kd2 e4  0-1